00762nam a2200205Ia 4500003000900000008004100009040001600050080001500066100002200081245015700103260003600260300000800296490004400304650003000348650004100378700002700419942000700446999001300453952009000466IN-BaIIA211028s9999 xx 000 0 eng d cIIA Library a910.4bLYO aLyons, H. G.9960 0aBritish (Terra Nova) antarctic expedition 1910-13bmiscllaneous datacH. G. Lyons and F. R. S. Colonel  aLondonbHarrison and Sonsc1924 a75p aBritish terra nova antarctic expedition aAntarctic Expedition9961 aAstronomy and Astrophysics Thesaurus aColonel, F. R. S.9962 cBK c421d421 00104070aBANbKODcGENd0000-00-00l0o910.4/ LYOp415r2021-11-05w0000-00-00yBK